| 000 | 01762cam8a220033701 4500 | ||
|---|---|---|---|
| 001 | qcf00652261 | ||
| 005 | 20190822112136.0 | ||
| 007 | sdubmmennuuunu | ||
| 008 | 831019q19501959nyu n d | ||
| 035 | _a(Sirsi) r51160 | ||
| 035 | _a(QCAT)lss03909612 | ||
| 035 | _a(UPRA)qcf00652261 | ||
| 040 | _dUPRA | ||
| 100 | 1 |
_aBeethoven, Ludwig van, 1770-1827. _dBeethoven, Ludwig van, 1770-1827. _6A9080.1 |
|
| 240 | 1 | 0 |
_aOctet, woodwinds, horns (2), op. 103, E-flat major _mOctet, woodwinds, horns (2), op. 103, E-flat major _nOctet, woodwinds, horns (2), op. 103, E-flat major _rOctet, woodwinds, horns (2), op. 103, E-flat major |
| 245 | 1 | 0 |
_aOctet in E flat major, op. 103. Octet rondino in E flat major, op. posth. Sextet in E flat major, op. 71. Variations in C major on Mozart's "La ci darem la mano" _h[sound recording] / _cBeethoven. |
| 260 |
_aNew York : _bWestminster, _c[195-?] |
||
| 500 | _aSleeve notes. | ||
| 511 | 0 | _aVienna Philharmonic Wind Group. | |
| 650 | 0 |
_aWind octets (Bassoons (2), clarinets (2), horns (2), oboes (2)) _6S6138.1 |
|
| 650 | 0 |
_aRondos (Bassoons (2), clarinets (2), horns (2), oboes (2)) _6S6139.1 |
|
| 700 |
_a1 a35.1..1.22 d35.1..24.10 t35.1..35.8 m35.1..44.21 n35.1..66.7 r35.1..74.13 _hSound recording. _6A9081.1 |
||
| 700 |
_a1 a35.2..1.22 d35.2..24.10 t35.2..35.8 m35.2..44.27 n35.2..72.7 r35.2..80.13 _hSound recording. _6A9082.1 |
||
| 700 |
_a1 a35.3..1.22 d35.3..24.10 t35.3..35.68 _hSound recording. _6A9080.2 |
||
| 710 |
_a2 a35.4..1.22 b35.4..24.18 _4prf. _6A9083.1 |
||
| 949 |
_aM857 _wlcc _i-64875 _mMAIN _tBOOK _lON-SHELF |
||
| 949 |
_aM857 _wlcc _i-64876 _mMAIN _tBOOK _lON-SHELF |
||
| 949 |
_aM857 _wlcc _i-64877 _mMAIN _tBOOK _lON-SHELF |
||
| 949 |
_aM857 _wlcc _i-64878 _mMAIN _tBOOK _lON-SHELF |
||
| 004 | 51160 | ||
| 999 |
_c132773 _d132773 |
||